It's raining in mango /
Đã lưu trong:
| Príomhúdar: | |
|---|---|
| Formáid: | Leabhar |
| Teanga: | English |
| Foilsithe: |
Ringwood Vic. :
Penguin Books,
1989.
|
| Ábhair: | |
| Clibeanna: |
Cuir Clib Leis
Gan Chlibeanna, Bí ar an gcéad duine leis an taifead seo a chlibeáil!
|
| Thư viện lưu trữ: | Mạng thư viện Đại học Đà Nẵng |
|---|
| LEADER | 00810cam a2200325 i 4500 | ||
|---|---|---|---|
| 001 | 000045973 | ||
| 003 | 5194 | ||
| 005 | 20030214112214.0 | ||
| 008 | 010220|1989 vm 000 eng | ||
| 020 | |a 0140121382 | ||
| 040 | |a IRC |c IRC |d IRC | ||
| 041 | 0 | |a eng | |
| 082 | 1 | 4 | |a 823.3 |b AS-T |
| 100 | 1 | |a Astley, Thea, |d 1925- | |
| 245 | 0 | 0 | |a It's raining in mango / |c Thea Astley, 1925- |
| 260 | |a Ringwood Vic. : |b Penguin Books, |c 1989. | ||
| 300 | |a 240p. | ||
| 630 | 0 | 4 | |a Australian fiction. |
| 650 | 0 | 4 | |a Australian fiction. |
| 650 | 0 | 4 | |a Family |z Queensland |x Fiction. |
| OWN | |a DUT | ||
| 999 | |a From the UDN01 | ||
| TYP | |a Monograph | ||
| TYP | |a Printed language | ||
| 980 | |a Mạng thư viện Đại học Đà Nẵng | ||


